College Football Matchups: Stanford - Statistics

General Stats
  • This quiz has been taken 43 times
    10 since last reset
  • The average score is 15 of 16
Answer Stats
Games Opponent Subdivision % Correct
32 Arizona Power 4
100%
34 Arizona State Power 4
100%
129 California Power 4
100%
13 Colorado Power 4
100%
87 Oregon Power 4
100%
90 Oregon State Group of 5
100%
69 San Jose State Group of 5
100%
95 UCLA Power 4
100%
106 USC Power 4
100%
11 Utah Power 4
100%
94 Washington Power 4
100%
73 Washington State Group of 5
100%
19 Nevada Group of 5
90%
39 Notre Dame Power 4
80%
*10 Illinois Power 4
50%
12 Army Group of 5
30%
No matching quizzes found
Score Distribution
Percent of People with Each Score
Percentile by Number Answered
Your Score History
You have not taken this quiz since the last reset